| 000 | 02910cam a22006374a 4500 | ||
|---|---|---|---|
| 001 | muse82406 | ||
| 003 | MdBmJHUP | ||
| 005 | 20210127151458.0 | ||
| 006 | m o d | ||
| 007 | cr||||||||nn|n | ||
| 008 | 191230t20191972mdu o 00 0 eng d | ||
| 020 | _a9781421436937 | ||
| 020 | _z1421436914 | ||
| 020 | _z9781421436913 | ||
| 020 | _z9781421436920 | ||
| 035 | _a(OCoLC)1135392952 | ||
| 040 |
_aMdBmJHUP _cMdBmJHUP |
||
| 050 | 4 |
_aPR3508 _b.F7 1972 |
|
| 100 | 1 | _aFreer, Coburn. | |
| 245 | 1 | 0 |
_aMusic for a King _bGeorge Herbert's Style and the Metrical Psalms / _cCoburn Freer. |
| 300 | _a1 online resource (1 online resource xiv, 252 pages) | ||
| 500 | _aOpen access edition supported by the National Endowment for the Humanities / Andrew W. Mellon Foundation Humanities Open Book Program. | ||
| 500 | _aThe text of this book is licensed under a Creative Commons Attribution-NonCommercial-No derivatives 4.0 International License | ||
| 500 | _aOriginally published as Johns Hopkins Press in 1972 | ||
| 504 | _aIncludes bibliographical references (pages xiii-xiv). | ||
| 506 | 0 |
_aOpen Access _fUnrestricted online access _2star |
|
| 588 | 0 | _aDescription based on print version record. | |
| 600 | 1 | 1 |
_aHerbert, George, _d1593-1633. _2fast _0(OCoLC)fst00051875 |
| 600 | 1 | 1 |
_aHerbert, George, _d1593-1633 _xLiterary style. |
| 630 | 0 | 7 |
_aBible. _pPsalms. _2fast _0(OCoLC)fst01808097 |
| 630 | 0 | 7 |
_aBible. _2fast _0(OCoLC)fst01356024 |
| 630 | 0 | 0 |
_aBible _xIn literature. |
| 630 | 0 | 0 |
_aBible. _p Psalms _xParaphrases, English _x History and criticism. |
| 650 | 0 |
_aLiterature. _2fast _0(OCoLC)fst00999953 |
|
| 650 | 0 |
_aLiterary style. _2fast _0(OCoLC)fst01136323 |
|
| 650 | 0 |
_aEnglish poetry _xEarly modern. _2fast _0(OCoLC)fst01710963 |
|
| 650 | 0 |
_aChristianity and literature. _2fast _0(OCoLC)fst00859681 |
|
| 650 | 0 |
_aChristian poetry, English _xEarly modern. _2fast _0(OCoLC)fst01710942 |
|
| 650 | 0 |
_aChristian poetry, English _yEarly modern, 1500-1700 _xHistory and criticism. |
|
| 650 | 0 |
_aChristianity and literature _zEngland _xHistory _y17th century. |
|
| 650 | 0 |
_aEnglish poetry _yEarly modern, 1500-1700 _xHistory and criticism. |
|
| 651 | 0 |
_aEngland. _2fast _0(OCoLC)fst01219920 |
|
| 648 | 7 |
_a1500-1700 _2fast |
|
| 655 | 0 |
_aElectronic books. _2lcgft |
|
| 655 | 0 |
_aHistory. _2fast _0(OCoLC)fst01411628 |
|
| 655 | 0 |
_aCriticism, interpretation, etc. _2fast _0(OCoLC)fst01411635 |
|
| 655 | 7 |
_aElectronic books. _2local |
|
| 710 | 2 | _aProject Muse. | |
| 776 | 1 | 8 |
_iPrint version: _tMusic for a king. _dBaltimore, Johns Hopkins University Press [1972] _w(DLC) 76179136 _w(OCoLC)364007 |
| 710 | 2 |
_aProject Muse. _edistributor |
|
| 830 | 0 | _aBook collections on Project MUSE. | |
| 856 | 4 | 0 |
_zFull text available: _uhttps://muse.jhu.edu/book/72314/ |
| 999 |
_c25901 _d25901 |
||